000 00467nam a2200181Ia 4500
001 23298
005 20260414150928.0
008 260414t2020||||xx |||||||||||||| ||spa||
041 _aESP
082 _a628.4
_bO83
100 _aÖztürk, Hasan Hüseyin,
_eAUT
245 0 _aProducción de biopellets a partir de desechos agroindustriales
_b
260 _c2020
300 _a55 páginas :
_c23 cm.
650 _aTCA
654 _aCII
942 _cLIB
_dJUS
_fJUS
_2ddc
_n
999 _c23298
_d23298